000 01115cam a22003014a 4500
001 13258679
003 OSt
005 20250430155026.0
008 150206s2004 miuab b 001 0 eng
010 _a 2003057906
020 _a0801026865 (cloth)
040 _aDLC
_cDLC
_dDLC
042 _apcc
050 0 0 _aBS521.2
_b.Y36 2004
082 0 0 _aAFR 220.6089 Yam 2004
_222
100 1 _aYamauchi, Edwin M.
245 1 0 _aAfrica and the Bible /
_cby Edwin M. Yamauchi ; foreword by Kenneth A. Kitchen.
260 _aGrand Rapids, Mich. :
_bBaker Academic,
_cc2004.
300 _a297 p. :
_bill., maps ;
_c24 cm.
504 _aIncludes bibliographical references (p. 221-265) and indexes.
630 0 0 _aBible
_xBlack interpretations.
630 0 0 _aBible
_xCriticism, interpretation, etc.
650 0 _aBlacks in the Bible.
650 0 _aAfrocentrism
_xReligious aspects
_xChristianity.
906 _a7
_bcbc
_corignew
_d1
_eocip
_f20
_gy-gencatlg
942 _cBK
_2ddc
999 _c17342
_d17342